000
00277nam a2200133Ia 4500
100
_a
Giles/R.V
942
_c
BK
654
_a
Fluid
245
_a
Fluid Mechanics & Hydraulies
260
_b
McGraw Hill
_a
New Delhi
_c
1983
082
_a
532
300
_a
275
546
_a
ENGLISH
999
_c
31822
_d
31822